00456nam a2200121Ia 4500008004100000100001600041245006900057245007600126260003000202650001800232650001500250856006900265170221s9999 xx 000 0 und d aYunjian Jia 2aA New Method for Traffic Prediction in Emerging Mobile Networks  cYunjian Jia, Beili Wan, Liang Liang, Qian Zhao, Yu Zhang, and Liang Tan bJournal of Communications xCommunication xMedia Arts uhttp://www.jocm.us/index.php?m=content&c=index&a=lists&catid=154